Bohatstvo a blahobyt v kontexte 21. storočia
Identifikácia zásadných problémov, ktoré súvisia s vymedzením bohatstva, tvorbou a koncentráciou bohatstva u minoritnej elity, ako aj identifikácia spôsobov nadobudnutia bohatstva, následne špecifikácia nového vnímania bohatstva a blahobytu a ich vzájomnej podmienenosti.
Enregistré dans:
| Auteur principal: | |
|---|---|
| Format: | Chapitre de livre |
| Langue: | slovaque |
| Sujets: | |
| Tags: |
Pas de tags, Soyez le premier à ajouter un tag!
|
MARC
| LEADER | 00000nla$a2200000$$$4500 | ||
|---|---|---|---|
| 001 | 0144950 | ||
| 005 | 20240502072612.5 | ||
| 041 | 0 | |a slo | |
| 044 | |a SK | ||
| 245 | 1 | 0 | |a Bohatstvo a blahobyt v kontexte 21. storočia |c Dária Rozborilová |
| 520 | |a Identifikácia zásadných problémov, ktoré súvisia s vymedzením bohatstva, tvorbou a koncentráciou bohatstva u minoritnej elity, ako aj identifikácia spôsobov nadobudnutia bohatstva, následne špecifikácia nového vnímania bohatstva a blahobytu a ich vzájomnej podmienenosti. | ||
| 610 | 2 | 0 | |a bohatstvo |
| 610 | 2 | 0 | |a bohatí |
| 610 | 2 | 0 | |a blahobyt |
| 610 | 2 | 0 | |a triedy a vrstvy |
| 610 | 2 | 0 | |a teória kvality života |
| 610 | 2 | 0 | |a teórie blahobytu |
| 610 | 2 | 0 | |a prostriedky existenčné |
| 610 | 2 | 0 | |a úroveň životná |
| 100 | 1 | |a Rozborilová, Dária | |